The Concept of Belief in Islamic Theology. (Record no. 534409)
[ view plain ]
| 000 -LEADER | |
|---|---|
| fixed length control field | 00486 a2200181 4500 |
| 003 - CONTROL NUMBER IDENTIFIER | |
| control field | NUST |
| 005 - DATE AND TIME OF LATEST TRANSACTION | |
| control field | 20200219123539.0 |
| 008 - FIXED-LENGTH DATA ELEMENTS--GENERAL INFORMATION | |
| fixed length control field | 200219b ||||| |||| 00| 0 eng d |
| 020 ## - INTERNATIONAL STANDARD BOOK NUMBER | |
| International Standard Book Number | 9695191223 |
| 038 ## - RECORD CONTENT LICENSOR | |
| Staff Name | MSOHAIL |
| 082 ## - DEWEY DECIMAL CLASSIFICATION NUMBER | |
| Classification number | 297.2 |
| 100 ## - MAIN ENTRY--PERSONAL NAME | |
| Personal name | Izutsu,Toshihiko. |
| 9 (RLIN) | 28546 |
| 245 ## - TITLE STATEMENT | |
| Title | The Concept of Belief in Islamic Theology. |
| Statement of responsibility, etc. | Toshihiko Izutsu. |
| 260 ## - PUBLICATION, DISTRIBUTION, ETC. | |
| Place of publication, distribution, etc. | Lahore. |
| Name of publisher, distributor, etc. | Suhail Academy. |
| Date of publication, distribution, etc. | 2005. |
| 300 ## - PHYSICAL DESCRIPTION | |
| Extent | 250p. |
| 500 ## - GENERAL NOTE | |
| General note | Hardcover. |
| 942 ## - ADDED ENTRY ELEMENTS (KOHA) | |
| Institution code [OBSOLETE] | NBS |
| Koha item type | Book |
| Call number prefix | 297.22 IZU |
| Source of classification or shelving scheme | |
| Withdrawn status | Lost status | Source of classification or shelving scheme | Damaged status | Not for loan | Permanent Location | Current Location | Date acquired | Total Checkouts | Full call number | Barcode | Date last seen | Price effective from | Koha item type |
|---|---|---|---|---|---|---|---|---|---|---|---|---|---|
| School of Civil and Environmental Engineering (SCEE) | School of Civil and Environmental Engineering (SCEE) | 02/19/2020 | 297.2 | NIT-9852 | 02/19/2020 | 02/19/2020 | Book |
